000 00808nam a22002537a 4500
003 BPGM
008 260626e2008 mx beo|g |||| 001 0 spa d
020 _a968-6836-23-3
040 _bspa
041 _aspa
_hspa
082 0 4 _a972.027245
_bQ4
110 _aGOBIERNO DEL ESTADO DE QUERETARO
245 _aQUERETARO AL FINAL DEL SIGLO XVIII
_bEL PADRON DE 1791
250 _aPRIMERA EDICION
_b2008
260 _aMEXICO
_bINSTITUTO DE ESTUDIOS CONTITUCIONALES
_c2008
300 _a391 paginas
_b21.5 cm x 28.1 cm
336 _2rdacontent
_atexto
_btxt
337 _2rdamedia
_asin mediación
_bn
338 _2rdacarrier
_avolumen
_bnc
650 _2GEOGRAFÍA E HISTORIA
650 _2HISTORIA GENERAL DE AMÉRICA DEL NORTE
650 _2MESOAMÉRICA (AMÉRICA MEDIA) MÉXICO
942 _2ddc
_cCOLQ
999 _c68679
_d68679